[Event "V Memorial Roberto Magari A"]
[Site "Siena ITA"]
[Date "2000.12.??"]
[Round "?"]
[White "Masullo, Andrea"]
[Black "Losi, Renzo"]
[Result "1-0"]
[WhiteElo "1837"]
[BlackElo "1771"]
[PlyCount "65"]
[EventDate "2000.12.07"]

1. e4 e6 2. d4 d5 3. Nd2 Nf6 4. e5 Nfd7 5. Bd3 c5 6. c3 Nc6 7. Ne2 Qb6 8. Nf3
cxd4 9. cxd4 f6 10. exf6 Nxf6 11. O-O Bd6 12. Nc3 O-O 13. Re1 Kh8 14. Bc2 Bd7
15. a3 Rae8 16. Be3 Ng4 17. Qd3 Rf5 18. h3 Nxe3 19. Rxe3 g6 20. Qe2 Rxf3 21.
Qxf3 Qxb2 22. Qd1 Nxd4 23. Qxd4+ e5 24. Qd1 d4 25. Rb1 Qxa3 26. Nb5 Qc5 27.
Nxd6 Qxd6 28. Rxb7 Bc6 29. Rxa7 Qc5 30. Rxh7+ Kxh7 31. Qh5+ Kg7 32. Qxg6+ Kf8
33. Qf6+ 1-0

[Event "V Memorial Roberto Magari A"]
[Site "Siena ITA"]
[Date "2000.12.??"]
[Round "?"]
[White "Mogranzini, Roberto"]
[Black "Ambrosanio, Raffaele"]
[Result "1-0"]
[WhiteElo "1969"]
[BlackElo "1759"]
[PlyCount "75"]
[EventDate "2000.12.07"]

1. e4 d6 2. d4 Nf6 3. Nc3 g6 4. Be3 c6 5. f3 Nbd7 6. Qd2 b5 7. Nge2 Nb6 8. b3
Bg7 9. Nf4 O-O 10. a4 b4 11. Na2 a5 12. Rd1 Qc7 13. Qf2 Nbd7 14. g4 e5 15. dxe5
Nxe5 16. g5 Nfd7 17. Bg2 Bb7 18. O-O Rac8 19. Nc1 d5 20. exd5 cxd5 21. Nxd5
Bxd5 22. Rxd5 Qxc2 23. Rfd1 Qf5 24. f4 Ng4 25. Rxf5 Nxf2 26. Kxf2 gxf5 27. Rxd7
Rc2+ 28. Ne2 f6 29. Bd5+ Kh8 30. Bd4 h6 31. g6 Re8 32. Bc4 Ra2 33. Kf3 h5 34.
Ng3 h4 35. Nxf5 Rxh2 36. Rxg7 Rh3+ 37. Kg4 Rg3+ 38. Kh5 1-0

[Event "V Memorial Roberto Magari A"]
[Site "Siena ITA"]
[Date "2000.12.??"]
[Round "?"]
[White "Mogranzini, Roberto"]
[Black "Gorelli Fagiolini, Marco"]
[Result "1-0"]
[WhiteElo "1969"]
[BlackElo "2203"]
[PlyCount "97"]
[EventDate "2000.12.07"]

1. e4 e6 2. d4 d5 3. Nd2 Nf6 4. e5 Nfd7 5. Bd3 c5 6. c3 b6 7. f4 Ba6 8. Bxa6
Nxa6 9. Ndf3 cxd4 10. cxd4 Nb4 11. a3 Nc6 12. Ne2 f5 13. Ng5 Qe7 14. Nc3 O-O-O
15. Be3 Kb7 16. Rc1 Qe8 17. Qa4 Ndb8 18. b4 h6 19. Nf3 Be7 20. O-O Rc8 21. Rf2
Nd8 22. Qb3 Qd7 23. b5 Nf7 24. a4 Rc4 25. a5 bxa5 26. Rfc2 Rhc8 27. Nd2 R4c7
28. Qa4 Bb4 29. Nb3 Rc4 30. Qa2 Ka8 31. Nc5 Qe8 32. Nxd5 Rxc2 33. Rxc2 Bxc5 34.
Rxc5 Rxc5 35. dxc5 Qd7 36. Nc3 Qd3 37. Qd2 Qxd2 38. Bxd2 Nd7 39. Na4 g5 40. g3
Nf8 41. c6 Ng6 42. Nc5 gxf4 43. gxf4 a4 44. Nxa4 Ne7 45. Nc5 Nd8 46. Ba5 Ndxc6
47. bxc6 Nxc6 48. Bc7 Nd4 49. Kf2 1-0

[Event "V Memorial Roberto Magari A"]
[Site "Siena ITA"]
[Date "2000.12.??"]
[Round "?"]
[White "Mogranzini, Roberto"]
[Black "Moncher, Stefano"]
[Result "1-0"]
[WhiteElo "1969"]
[BlackElo "2147"]
[PlyCount "107"]
[EventDate "2000.12.07"]

1. e4 e6 2. d4 d5 3. Nd2 Nf6 4. e5 Nfd7 5. Bd3 c5 6. c3 Nc6 7. Ne2 cxd4 8. cxd4
f6 9. exf6 Nxf6 10. O-O Bd6 11. Nf3 Qc7 12. Bg5 O-O 13. Rc1 Ng4 14. Ng3 g6 15.
a3 Qg7 16. Be2 h6 17. Bd2 Nf6 18. Be3 Bd7 19. b4 a6 20. Nd2 Ne7 21. Nb3 Ba4 22.
Qd3 Bxb3 23. Qxb3 Nf5 24. Nxf5 gxf5 25. f3 Kh8 26. Rfe1 Nh5 27. Bf1 Rf6 28. Qb2
Rg8 29. Qf2 Rg6 30. Rc2 f4 31. Bc1 Qf6 32. Rce2 Ng7 33. Rd1 Bb8 34. Qe1 Nf5 35.
Rf2 Nh4 36. Kh1 Qg7 37. Rdd2 Ba7 38. Bb2 Nf5 39. Bd3 Qf6 40. Bxf5 Qxf5 41. Rfe2
Rc8 42. Qd1 Rc4 43. Rc2 b5 44. Rxc4 bxc4 45. Bc3 Kg8 46. h3 Rg7 47. Qa4 Qb1+
48. Kh2 Re7 49. Qxa6 Qg6 50. Qd6 Re8 51. Qxf4 Qd3 52. Qe3 Qxe3 53. Rxe3 e5 54.
Re2 1-0

[Event "V Memorial Roberto Magari A"]
[Site "Siena ITA"]
[Date "2000.12.??"]
[Round "?"]
[White "Moncher, Stefano"]
[Black "Bini, Lorenzo"]
[Result "1-0"]
[WhiteElo "2147"]
[BlackElo "2065"]
[PlyCount "89"]
[EventDate "2000.12.07"]

1. e4 d6 2. d4 g6 3. Nc3 Bg7 4. g3 Nd7 5. Bg2 e5 6. Nge2 Ne7 7. O-O O-O 8. Be3
h6 9. Qd2 Kh7 10. Rad1 a6 11. f4 f6 12. h3 Qe8 13. g4 Nb6 14. b3 exf4 15. Bxf4
f5 16. exf5 gxf5 17. g5 hxg5 18. Bxg5 Ng6 19. Rde1 Qf7 20. Nf4 Nxf4 21. Qxf4
Bf6 22. Qh4+ Kg8 23. Nd5 Bxg5 24. Qxg5+ Qg7 25. Ne7+ Kh7 26. Qxg7+ Kxg7 27.
Nxc8 Nxc8 28. Bxb7 Rb8 29. Bxa6 Ra8 30. Bxc8 Rfxc8 31. a4 c5 32. d5 c4 33. Re3
Kg6 34. Kg2 Ra5 35. Re6+ Kg5 36. h4+ Kg4 37. Rg6+ Kh5 38. Rg5+ Kh6 39. Rgxf5
cxb3 40. cxb3 Rc3 41. R1f3 Rc2+ 42. Kg3 Ra7 43. Rf6+ Kg7 44. Rxd6 Re7 45. Re6
1-0

[Event "V Memorial Roberto Magari A"]
[Site "Siena ITA"]
[Date "2000.12.??"]
[Round "?"]
[White "Moncher, Stefano"]
[Black "Bonghi, Alessandro"]
[Result "1-0"]
[WhiteElo "2147"]
[BlackElo "1797"]
[PlyCount "69"]
[EventDate "2000.12.07"]

1. e4 Nf6 2. e5 Nd5 3. d4 d6 4. c4 Nb6 5. exd6 exd6 6. Nf3 Be7 7. Be2 Nc6 8.
O-O O-O 9. Nc3 Bg4 10. b3 Bf6 11. Be3 d5 12. c5 Nc8 13. h3 Be6 14. Qd2 N8e7 15.
g4 g6 16. Nh2 Bg7 17. f4 f5 18. g5 a6 19. Nf3 Bd7 20. Rfb1 Na7 21. b4 Bb5 22.
Nxb5 axb5 23. a4 Qd7 24. Ne5 Bxe5 25. dxe5 Rfd8 26. Bd4 Kf7 27. axb5 Nxb5 28.
e6+ Kxe6 29. Bxb5 Qxb5 30. Qe3+ Kf7 31. Re1 Qe8 32. Qe5 Qf8 33. Qe6+ Ke8 34.
Rxa8 Rxa8 35. Bf6 1-0

[Event "V Memorial Roberto Magari A"]
[Site "Siena ITA"]
[Date "2000.12.??"]
[Round "?"]
[White "Patelli, Alessandro"]
[Black "Franceschi, Riccardo"]
[Result "1/2-1/2"]
[WhiteElo "2244"]
[BlackElo "1785"]
[PlyCount "76"]
[EventDate "2000.12.07"]

1. Nf3 Nf6 2. c4 c5 3. Nc3 g6 4. g3 Bg7 5. Bg2 O-O 6. O-O Nc6 7. d4 cxd4 8.
Nxd4 Nxd4 9. Qxd4 d6 10. Qd3 Rb8 11. e4 b6 12. h3 Ba6 13. Be3 Rc8 14. b3 Nd7
15. Rac1 Nc5 16. Qd2 Bb7 17. Bh6 Qd7 18. Bxg7 Kxg7 19. Rfe1 f6 20. Rcd1 Rfd8
21. f4 Qe8 22. h4 Bc6 23. Qe3 Qf7 24. e5 Bxg2 25. exf6+ Qxf6 26. Kxg2 e6 27.
Nb5 d5 28. cxd5 a6 29. b4 axb5 30. bxc5 exd5 31. cxb6 Rc2+ 32. Re2 Rxe2+ 33.
Qxe2 Qxb6 34. Qe7+ Kg8 35. Rc1 Qd6 36. Qxd6 Rxd6 37. Rb1 Ra6 38. Rb2 Ra3
1/2-1/2

[Event "V Memorial Roberto Magari A"]
[Site "Siena ITA"]
[Date "2000.12.??"]
[Round "?"]
[White "Patelli, Alessandro"]
[Black "Marcucci, Massimiliano"]
[Result "1-0"]
[WhiteElo "2244"]
[BlackElo "1806"]
[PlyCount "71"]
[EventDate "2000.12.07"]

1. Nf3 e6 2. d4 b6 3. g3 Bb7 4. Bg2 f5 5. O-O Nf6 6. c4 Be7 7. d5 exd5 8. Nd4
g6 9. Nc3 O-O 10. Nc2 Ne4 11. Nxd5 Na6 12. b3 Rf7 13. Nxe7+ Qxe7 14. Bb2 c5 15.
Ne3 Nc7 16. Qe1 d5 17. cxd5 Nxd5 18. Nc4 Ndf6 19. Rd1 Rd8 20. Rd3 Rff8 21. Qc1
b5 22. Ne5 Nd7 23. Nxd7 Rxd7 24. Rxd7 Qxd7 25. Bxe4 fxe4 26. Qxc5 Qc6 27. Qd4
Kf7 28. Rc1 Qd5 29. Qxa7 Rd8 30. Qe3 Ba8 31. Kg2 Ke6 32. Rc5 Qd2 33. Re5+ Kf7
34. Qa7+ Kf8 35. Qe7+ Kg8 36. Rd5 1-0

[Event "V Memorial Roberto Magari A"]
[Site "Siena ITA"]
[Date "2000.12.??"]
[Round "?"]
[White "Patelli, Alessandro"]
[Black "Mogranzini, Roberto"]
[Result "1/2-1/2"]
[WhiteElo "2244"]
[BlackElo "1969"]
[PlyCount "56"]
[EventDate "2000.12.07"]

1. Nf3 Nf6 2. c4 g6 3. Nc3 d5 4. cxd5 Nxd5 5. e4 Nxc3 6. bxc3 Bg7 7. d4 c5 8.
Rb1 O-O 9. Be2 cxd4 10. cxd4 Qa5+ 11. Bd2 Qxa2 12. O-O b6 13. Bg5 Qe6 14. Bd3
Bb7 15. Re1 Qd7 16. d5 Ba6 17. Bxa6 Nxa6 18. Qe2 Nc5 19. Rbd1 h6 20. Bh4 g5 21.
Bg3 a5 22. Nd4 Bxd4 23. Rxd4 a4 24. Rb4 f6 25. Rxb6 a3 26. Qc2 a2 27. Ra1 Rfc8
28. h3 Qa4 1/2-1/2

[Event "V Memorial Roberto Magari A"]
[Site "Siena ITA"]
[Date "2000.12.??"]
[Round "?"]
[White "Pelagatti, Alessandro"]
[Black "Masullo, Andrea"]
[Result "1/2-1/2"]
[WhiteElo "1855"]
[BlackElo "1837"]
[PlyCount "46"]
[EventDate "2000.12.07"]

1. d4 Nf6 2. Nf3 g6 3. c4 Bg7 4. Nc3 d6 5. e4 O-O 6. Be2 e5 7. d5 Na6 8. Bg5 h6
9. Bh4 g5 10. Bg3 Nh5 11. h4 Nxg3 12. fxg3 g4 13. Nd2 h5 14. O-O Bh6 15. Kh2 f5
16. exf5 Bxf5 17. Nde4 b6 18. Bd3 Bh7 19. Qe2 Qe7 20. Kg1 Nc5 21. Nxc5 bxc5 22.
Bxh7+ Qxh7 23. Ne4 Qg7 1/2-1/2

[Event "V Memorial Roberto Magari A"]
[Site "Siena ITA"]
[Date "2000.12.??"]
[Round "?"]
[White "Pieraccini, Riccardo"]
[Black "Caponi, Saverio"]
[Result "1/2-1/2"]
[WhiteElo "1738"]
[BlackElo "1776"]
[PlyCount "46"]
[EventDate "2000.12.07"]

1. d4 Nf6 2. g3 g6 3. Bg2 Bg7 4. e4 d6 5. Nd2 e5 6. c3 exd4 7. cxd4 Nc6 8. Ngf3
Bg4 9. Qc2 Qe7 10. d5 Nxd5 11. O-O Ndb4 12. Qa4 O-O 13. h3 Bxf3 14. Nxf3 Nd3
15. Bg5 Qd7 16. Rab1 Nc5 17. Qc2 Qe6 18. Nd2 Nb4 19. Qc4 Qxc4 20. Nxc4 Nxa2 21.
Rfd1 Rfe8 22. e5 dxe5 23. Be3 Ne6 1/2-1/2

[Event "V Memorial Roberto Magari A"]
[Site "Siena ITA"]
[Date "2000.12.??"]
[Round "?"]
[White "Pieraccini, Riccardo"]
[Black "Guerrini, Donato"]
[Result "1/2-1/2"]
[WhiteElo "1738"]
[BlackElo "1891"]
[PlyCount "134"]
[EventDate "2000.12.07"]

1. d4 Nf6 2. g3 g6 3. Bg2 Bg7 4. e4 d6 5. Nc3 O-O 6. Nf3 c5 7. dxc5 Qa5 8. cxd6
Nxe4 9. dxe7 Re8 10. O-O Nxc3 11. bxc3 Rxe7 12. Re1 Rxe1+ 13. Qxe1 Bd7 14. Qe7
Bf8 15. Qe5 Nc6 16. Qxa5 Nxa5 17. Nd4 Re8 18. Bf4 b6 19. Rd1 Bg7 20. Nb3 Bg4
21. f3 Bf5 22. Nd4 Rd8 23. Re1 Bd7 24. Bf1 Bf6 25. Be5 Kg7 26. Nb3 Be6 27.
Bxf6+ Kxf6 28. Nxa5 bxa5 29. c4 Rd2 30. Bd3 Bh3 31. Re2 Rd1+ 32. Kf2 Ra1 33.
Re1 Rxe1 34. Kxe1 Ke5 35. Kd2 Kd4 36. c3+ Kc5 37. Kc2 Bc8 38. Kb3 Bd7 39. h4
Bc6 40. Be2 Bd7 41. Kc2 Be6 42. Kd2 Kd6 43. Kd3 Kc5 44. Ke3 f6 45. Bd3 Bg8 46.
g4 a4 47. f4 Bf7 48. Kd2 Be6 49. g5 f5 50. Kc2 Bf7 51. Kb2 Be6 52. a3 Bd7 53.
Bc2 Be8 54. Bd3 Bf7 55. h5 Bxc4 56. hxg6 hxg6 57. Bc2 Bb5 58. Kc1 Kd5 59. Kd2
Be8 60. Bb1 Bd7 61. Ba2+ Ke4 62. Bf7 Kxf4 63. Bxg6 Kxg5 64. Bf7 f4 65. Bd5 Kf5
66. Ke2 Ke5 67. Bb7 Bb5+ 1/2-1/2

[Event "V Memorial Roberto Magari A"]
[Site "Siena ITA"]
[Date "2000.12.??"]
[Round "?"]
[White "Pieraccini, Riccardo"]
[Black "Moncher, Stefano"]
[Result "0-1"]
[WhiteElo "1738"]
[BlackElo "2147"]
[PlyCount "74"]
[EventDate "2000.12.07"]

1. d4 Nf6 2. g3 g6 3. Bg2 Bg7 4. Nf3 O-O 5. O-O d6 6. Nbd2 c5 7. dxc5 dxc5 8.
Nc4 Nfd7 9. c3 Nc6 10. Qc2 Qc7 11. Bd2 Rb8 12. Rad1 b5 13. Ne3 Nb6 14. Qc1 Rd8
15. Nc2 Be6 16. Bh6 Bxa2 17. Bxg7 Kxg7 18. Nd2 Be6 19. Ne4 Na5 20. Rxd8 Rxd8
21. Qe3 Nb3 22. Na1 Nc4 23. Qg5 f6 24. Qh4 Ncd2 25. Nxb3 Bxb3 26. Ra1 a5 27. g4
Nxe4 28. Bxe4 Qe5 29. f3 a4 30. Qe1 f5 31. gxf5 gxf5 32. Bc6 Bc4 33. Qg3+ Qxg3+
34. hxg3 Rd2 35. e4 fxe4 36. fxe4 Rxb2 37. Rd1 a3 0-1

[Event "V Memorial Roberto Magari A"]
[Site "Siena ITA"]
[Date "2000.12.??"]
[Round "?"]
[White "Tagliagambe, Stefano"]
[Black "Ambrosanio, Raffaele"]
[Result "1-0"]
[WhiteElo "1774"]
[BlackElo "1759"]
[PlyCount "53"]
[EventDate "2000.12.07"]

1. Nf3 Nf6 2. c4 g6 3. b3 Bg7 4. Bb2 O-O 5. g3 c6 6. Bg2 d6 7. d4 Na6 8. O-O
Bg4 9. h3 Bd7 10. Nc3 Qc8 11. Kh2 c5 12. Qd2 cxd4 13. Nxd4 Nb4 14. Rac1 Nc6 15.
Nd5 Re8 16. b4 Nxd4 17. Nxf6+ Bxf6 18. Bxd4 e5 19. Be3 Be7 20. c5 dxc5 21. Bxc5
Qd8 22. Rfd1 Bg5 23. Be3 Bxe3 24. Qxe3 Qe7 25. Rc7 Rad8 26. Qd2 Ba4 27. Rxe7
1-0

[Event "V Memorial Roberto Magari A"]
[Site "Siena ITA"]
[Date "2000.12.??"]
[Round "?"]
[White "Tagliagambe, Stefano"]
[Black "Pieraccini, Riccardo"]
[Result "1-0"]
[WhiteElo "1774"]
[BlackElo "1738"]
[PlyCount "55"]
[EventDate "2000.12.07"]

1. Nf3 d5 2. c4 c6 3. b3 Nf6 4. g3 g6 5. Bb2 Bg7 6. Bg2 O-O 7. O-O Nbd7 8. d4
Qc7 9. Nbd2 e6 10. Qc2 Re8 11. Rfe1 Nf8 12. e4 dxe4 13. Nxe4 Nxe4 14. Qxe4 Nd7
15. Rad1 Nf6 16. Qh4 Bd7 17. d5 Qd8 18. dxc6 bxc6 19. Ne5 Qc7 20. Nxc6 Bxc6 21.
Bxc6 Qxc6 22. Bxf6 Qa6 23. Rd2 e5 24. Bxg7 Kxg7 25. Qe4 f5 26. Rd7+ Kf8 27. Qh4
Kg8 28. Qxh7+ 1-0